| 000 | 00000nas 2200000za 4500 |
| 001 | 9.855062 |
| 003 | CaOODSP |
| 005 | 20221107155218 |
| 007 | cr ||||||||||| |
| 008 | 180411u199219uuonc x m o f0###a0eng|d |
| 040 | |aCaOODSP|beng |
| 043 | |an-cn--- |
| 086 | 1 |aEn36-502E-PDF |
| 130 | 0 |aScientific series (Canada. Environment Canada) |
| 245 | 00|aScientific series |h[electronic resource] / |cEnvironment Canada. |
| 260 | |aOttawa : |bEnvironment Canada, |cc1992- |
| 362 | 0 |aNo. 190- |
| 500 | |aIssued also in French under title: Série scientifique (Canada. Environnement Canada). |
| 550 | |aNumbers 190, 191 and 195 issued by: Ecosystem Sciences and Evaluation Directorate; nos. 193 and 197 by: Inland Waters Directorate; no. 194 by: National Water Research Institute; no. 196 issued by: Environmental Conservation Service; nos. 198- by: Ecosystem Conservation Directorate. |
| 692 | 07|2gccst|aInland waters |
| 692 | 07|2gccst|aHydrology |
| 710 | 1 |aCanada. |bEnvironment Canada. |bInland Waters Directorate. |
| 710 | 1 |aCanada. |bEcosystem Sciences and Evaluation Directorate. |
| 710 | 1 |aCanada.|bEcosystem Conservation Directorate. |
| 710 | 2 |aNational Water Research Institute (Canada) |
| 710 | 1 |aCanada. |bEnvironmental Conservation Service. |
| 775 | 08|tSérie scientifique |w(CaOODSP)9.855071 |
| 780 | 00|tScientific series |w(CaOODSP)9.823618 |